000 00436nam a22001217a 4500
999 _c21662
_d21662
008 240916b ||||| |||| 00| 0 eng d
100 _aMalano, Arnel C.
_eauthor.
_961097
245 _aDo you have what it takes? /
_cArnel C. Malano.
260 _aPhilippines;
_bPublishers Association of the Philippines, Inc.,
_cFebruary 2018.
300 _aVolume 66, pages 324-325.
700 _aMalano, Arnel C.
_eauthor.
_961097
942 _2ddc
_cPER